Functional anatomy for physical therapists / (رقم التسجيلة. 79404)

تفاصيل مارك
000 -الفاتح
حقل البيانات ثابتة الطول 01965cam a2200445 i 4500
001 - رقم الضبط
رقم الضبط 920680673
003 - محدد رقم الضبط
رقم الضبط OCoLC
005 - وقت وتاريخ اخر تعامل مع التسجيلة
رقم الضبط 20210304193117.0
008 - عناصر البيانات ثابتة الطول - معلومات عامة
حقل البيانات ثابتة الطول 150902s2016 gw a b 001 0 eng
010 ## - رقم ضبط مكتبة الكونجرس
رقم ضبط مكتبة الكونجرس 2015034186
016 7# - رقم ضبط الوكاله الوطنية للضبط الببليوجرافي
رقم ضبط التسجيلة 101667469
المصدر DNLM
020 ## - الرقم الدولى المعيارى للكتب
الرقم الدولى المعيارى للكتاب 9783131768612
Qualifying information (alkaline paper)
020 ## - الرقم الدولى المعيارى للكتب
الرقم الدولى المعيارى للكتاب 3131768614
Qualifying information (alkaline paper)
020 ## - الرقم الدولى المعيارى للكتب
الرقم الدولى المعيارى للكتاب الملغى /الخاطئ 9783131768711
Qualifying information (electronic book)
020 ## - الرقم الدولى المعيارى للكتب
الرقم الدولى المعيارى للكتاب الملغى /الخاطئ 3131768711
Qualifying information (electronic book)
035 ## - رقم ضبط النظام
رقم ضبط النظام .b79339402
035 ## - رقم ضبط النظام
رقم ضبط النظام (OCoLC)920680673
رقم الضبط الملغى والمتاح (OCoLC)926823329
-- (OCoLC)935982502
040 ## - مصدر الفهرسة
وكالة الفهرسة الأصلية DNLM/DLC
لغة الفهرسة eng
قواعد الوصف rda
وكالة النسخ DLC
وكالة التعديل YDX
-- NLM
-- BTCTA
-- YDXCP
-- OCLCO
-- VRC
-- OCLCQ
-- VAM
-- OCLCF
-- OSU
-- UtOrBLW
041 1# - رمز اللغة
رمز لغة النص/ المسارات الصوتية أو العنوان الانفرادي eng
رمز لغة الترجمات و/او الاصلية المتوسطة للنص ger
042 ## - رمز التحقق
رمز التحقق pcc
049 ## - المجموعات المحلية (OCLC)
مكتبة المقتنيات OSUU
050 04 - رقم طلب مكتبة الكونجرس
رقم التصنيف QM28
رقم المادة .S7713 2016
050 04 - رقم طلب مكتبة الكونجرس
رقم التصنيف QM28
رقم المادة .S7713 2016
082 ## - رقم تصنيف ديوى العشرى
رقم الطبعة 22
رقم التصنيف 612
رقم المادة HJF
100 1# - المدخل الرئيسى - إسم شخصى
الإسم الشخصى Hochschild, Jutta,
الدور author
9 (RLIN) 88296
240 10 - العنوان الموحد
عنوان موحد <a href="Strukturen und Funktionen begreifen.">Strukturen und Funktionen begreifen.</a>
لغة العمل English
245 10 - بيان العنوان
العنوان Functional anatomy for physical therapists /
بيان المسئوليه,etc Jutta Hochschild
264 #1 - النشر, التوزيع, ETC. (IMPRINT)
مكان الناشر او الموزع Stuttgart ;
-- New York :
اسم الناشر او الموزع Georg Thieme Verlag,
تاريخ النشر أو التوزيع [2016]
300 ## - الوصف المادى
التعداد x, 578 pages :
تفاصيل ماديه اخرى للوعاء color illustrations ;
أبعاد الوعاء 28 cm
500 ## - تبصرة عامة
تبصرة عامة "This book is an authorized translation of the 2-volume 3rd German edition published and copyrighted 2005 and 2008 by Georg Thieme Verlag, Stuttgart. Title of the German edition: Strukturen und Funktionen begreifen : Funktionelle Anatomie : Therapierelevante Details"--Title page verso
504 ## - تبصرة ببليوجرافية
تبصرة ببليوجرافية,الخ Includes bibliographical references and index
505 0# - تبصرة محتويات-الفهرس
تبصرة المحتويات المصاغة Fundamentals of the spinal column -- Cranium and cervical spine -- Thoracic spine and thorax -- Shoulder -- Elbow -- Hand and wrist -- Lumbar spine -- Pelvis and hip joint -- Knee -- Foot and ankle
650 #0 - المدخل الاضافى بالموضوع-مصطلح موضوعى
مصطلح موضوعي أو اسم جغرافي كعنصر مدخل Human anatomy
9 (RLIN) 88297
650 #0 - المدخل الاضافى بالموضوع-مصطلح موضوعى
مصطلح موضوعي أو اسم جغرافي كعنصر مدخل Human physiology
9 (RLIN) 88298
650 #0 - المدخل الاضافى بالموضوع-مصطلح موضوعى
مصطلح موضوعي أو اسم جغرافي كعنصر مدخل Physical therapy
9 (RLIN) 88299
650 12 - المدخل الاضافى بالموضوع-مصطلح موضوعى
مصطلح موضوعي أو اسم جغرافي كعنصر مدخل Physical Therapy Modalities
9 (RLIN) 88300
650 22 - المدخل الاضافى بالموضوع-مصطلح موضوعى
مصطلح موضوعي أو اسم جغرافي كعنصر مدخل Anatomy
9 (RLIN) 88301
650 22 - المدخل الاضافى بالموضوع-مصطلح موضوعى
مصطلح موضوعي أو اسم جغرافي كعنصر مدخل Physiological Phenomena
9 (RLIN) 88302
942 ## - عناصر المدخل الإضافي( كوها)
مصدر التصنيف او مخطط الترفيف Dewey Decimal Classification
Koha [default] item type كتاب
المقتنيات
حالة الفقد نموذج السعر الفعال حالة تلف ليس للاعارة رقم الطلب تاريخ الاكتساب الموقع الحالي الباركود الفرع الرئيسي Date last seen نوع المادة فى نظام كوها مصدر التصنيف او خطة الترفيف Total Checkouts
  2021-03-04     612 HJF 2021-03-04 المكتبة المركزية بالمجمعة (CL) 00167119 المكتبة المركزية بالمجمعة (CL) 2021-03-04 كتاب Dewey Decimal Classification  
  2021-03-04     612 HJF 2021-03-04 المكتبة المركزية بالمجمعة (CL) 00167219 المكتبة المركزية بالمجمعة (CL) 2021-03-04 كتاب Dewey Decimal Classification  
  2021-03-04     612 HJF 2021-03-04 المكتبة المركزية بالمجمعة (CL) 00167220 المكتبة المركزية بالمجمعة (CL) 2021-03-04 كتاب Dewey Decimal Classification  
  2021-03-04     612 HJF 2021-03-04 مكتبة كلية العلوم الطبية التطبيقية بالمجمعة - طالبات (AMF) 00167196 مكتبة كلية العلوم الطبية التطبيقية بالمجمعة - طالبات (AMF) 2021-03-04 كتاب Dewey Decimal Classification  
  2021-03-04     612 HJF 2021-03-04 مكتبة كلية العلوم الطبية التطبيقية بالمجمعة - طالبات (AMF) 00167197 مكتبة كلية العلوم الطبية التطبيقية بالمجمعة - طالبات (AMF) 2021-03-04 كتاب Dewey Decimal Classification